Medicinal plants of native america. tomo 2 /

Guardado en:
Autor Principal: Moerman, Daniel E.
Formato: Libro
Publicado: Ann Arbor, Michigan : University Of Michigan, Museum Of Anthropology, 1986
Series:Technical Report, 19
Materias:
Etiquetas: Agregar Etiqueta
Sin Etiquetas, Sea el primero en etiquetar este registro!
LEADER 00573nam a22001575a 4500
001 EHU.bham005652
003 AR-BHAM
005 20081023104912.0
008 130507s1986##################000#0#####d
082 6 3 |a 633.88 
100 1 |a Moerman, Daniel E. 
245 1 0 |a Medicinal plants of native america. tomo 2 /  |c Daniel E. Moerman. 
260 |a Ann Arbor, Michigan :  |b University Of Michigan, Museum Of Anthropology,  |c 1986 
490 0 |a Technical Report, 19 
653 |a Plantas medicinales 
859 |a AR-BHAM  |b BIB. HUMANIDADES - Lectura de escasa demanda  |h 633.88  |i M723  |p 147.87  |t Ej.1  |v II LED807  |3 II